[Event "Torneo Pueblo Nuevo Preparatorio 2007"]
[Site "Madrid ESP"]
[Date "2007.06.16"]
[Round "8.4"]
[White "Martin Prieto, Oscar"]
[Black "Sanchez-Alarcos Galian, Victor"]
[Result "1-0"]
[WhiteElo "2154"]
[BlackElo "1920"]
[PlyCount "121"]
[EventDate "2007.05.19"]
[EventType "tourn"]
[EventRounds "9"]
[EventCountry "ESP"]
[Source "lmi"]
[SourceDate "2007.05.19"]

1. g3 Nf6 2. Bg2 e5 3. c4 Bc5 4. Nc3 O-O 5. e3 Nc6 6. Nge2 Re8 7. O-O e4 8. d4
exd3 9. Nf4 d6 10. Nxd3 Bb6 11. h3 Bf5 12. b3 Qc8 13. Kh2 Ne5 14. Nxe5 dxe5 15.
e4 Bd4 16. Bb2 Bxc3 17. Bxc3 Bxe4 18. Re1 Bxg2 19. Kxg2 Qf5 20. Qf3 Qxf3+ 21.
Kxf3 e4+ 22. Kf4 Nh5+ 23. Kg4 g6 24. Rad1 f5+ 25. Kg5 Rad8 26. Rxd8 Rxd8 27. g4
fxg4 28. hxg4 Rd3 29. gxh5 Rxc3 30. hxg6 hxg6 31. Kxg6 Rc2 32. Rxe4 Kf8 33. f4
Rxa2 34. f5 Rg2+ 35. Kf6 Rh2 36. Ke6 a5 37. Kd7 Rh3 38. Re5 Rxb3 39. Rxa5 b6
40. Ra7 c5 41. Ke6 Re3+ 42. Kf6 Kg8 43. Rg7+ Kf8 44. Rb7 Kg8 45. Rxb6 Re4 46.
Rb8+ Kh7 47. Rb7+ Kg8 48. Rg7+ Kh8 49. Rc7 Rxc4 50. Kf7 Rh4 51. f6 c4 52. Rc5
Kh7 53. Kf8 Kg6 54. f7 Kh7 55. Ke7 Re4+ 56. Kf8 Rh4 57. Rc6 Re4 58. Rc7 c3 59.
Rxc3 Rh4 60. Re3 Ra4 61. Rh3+ 1-0

[Event "Torneo Pueblo Nuevo Preparatorio 2007"]
[Site "Madrid ESP"]
[Date "2007.05.27"]
[Round "8.5"]
[White "Vazquez Torres, Adrian"]
[Black "Fernandez Lledo, Javier"]
[Result "1-0"]
[WhiteElo "1787"]
[BlackElo "1890"]
[PlyCount "220"]
[EventDate "2007.05.19"]
[EventType "tourn"]
[EventRounds "9"]
[EventCountry "ESP"]
[Source "lmi"]
[SourceDate "2007.05.19"]

1. e4 c5 2. Nf3 Nc6 3. Bb5 e6 4. O-O a6 5. Bxc6 bxc6 6. Re1 d5 7. e5 h6 8. d3
Rb8 9. b3 Ne7 10. Nc3 Ng6 11. Na4 Be7 12. Be3 Qa5 13. Bd2 Qc7 14. Re2 O-O 15.
Qe1 f6 16. Ba5 Qa7 17. Rc1 fxe5 18. Nxe5 Nxe5 19. Rxe5 Bd6 20. Rh5 Qf7 21. Rh4
Be7 22. Rh3 e5 23. Rf3 Bf6 24. Nxc5 Bg4 25. Rxf6 Qxf6 26. f3 Bxf3 27. gxf3 Qg5+
28. Kf2 Rxf3+ 29. Kxf3 Rf8+ 30. Ke2 Qg2+ 31. Kd1 Rf1 32. Nxa6 d4 33. Qxf1 Qxf1+
34. Be1 Qf3+ 35. Kd2 Qf4+ 36. Kd1 Qg4+ 37. Kd2 Qg5+ 38. Kd1 Qh5+ 39. Kd2 Qxh2+
40. Kd1 Qh5+ 41. Kd2 Qg5+ 42. Kd1 Qg4+ 43. Kd2 Qf4+ 44. Kd1 Qf3+ 45. Kd2 g5 46.
Nc5 Kf7 47. Ne4 Kg6 48. c3 Qe3+ 49. Kc2 h5 50. Bd2 Qe2 51. Nxg5 h4 52. Re1 Qg2
53. Rxe5 dxc3 54. Kxc3 h3 55. Nxh3 Qxh3 56. Rc5 Qd7 57. a4 Qd6 58. Be3 Qe6 59.
Bd4 Qe1+ 60. Kc4 Qc1+ 61. Bc3 Qf4+ 62. d4 Qf1+ 63. Kb4 Qa6 64. Ka3 Kf7 65. Ra5
Qb7 66. Rc5 Ke6 67. a5 Qa6 68. Re5+ Kd7 69. Bb4 Qd3 70. Bc5 Qb5 71. Bb6 Qd3 72.
Rg5 Qe2 73. Rg7+ Ke6 74. Rg1 Qd3 75. Re1+ Kd7 76. Bc5 Qb5 77. Re7+ Kc8 78. Bb6
Qf1 79. Rc7+ Kb8 80. Rxc6 Qa1+ 81. Kb4 Qe1+ 82. Rc3 Qe7+ 83. Bc5 Qb7+ 84. Ka3
Qb5 85. Bb6 Kb7 86. Rc7+ Kb8 87. Rc5 Qf1 88. Kb4 Qe1+ 89. Kb5 Qe2+ 90. Rc4 Qe8+
91. Kb4 Qe1+ 92. Rc3 Qe7+ 93. Bc5 Qb7+ 94. Ka3 Qb5 95. b4 Qf1 96. Ka4 Qa1+ 97.
Ra3 Qd1+ 98. Kb5 Qe2+ 99. Kc6 Qe6+ 100. Bd6+ Kc8 101. Rc3 Qe4+ 102. Kb6+ Kd7
103. Be5 Qg6+ 104. Ka7 Qb1 105. Rc7+ Kd8 106. Rb7 Qc2 107. a6 Qc6 108. b5 Qd5
109. b6 Kc8 110. Rc7+ Kd8 1-0

[Event "Torneo Pueblo Nuevo Preparatorio 2007"]
[Site "Madrid ESP"]
[Date "2007.06.17"]
[Round "9.3"]
[White "Collado Barbas, Laura"]
[Black "Martin Prieto, Oscar"]
[Result "0-1"]
[WhiteElo "1882"]
[BlackElo "2154"]
[PlyCount "63"]
[EventDate "2007.05.19"]
[EventType "tourn"]
[EventRounds "9"]
[EventCountry "ESP"]
[Source "lmi"]
[SourceDate "2007.05.19"]

1. d4 Nf6 2. c4 c5 3. d5 b5 4. cxb5 a6 5. bxa6 Bxa6 6. Nc3 d6 7. e4 Bxf1 8.
Kxf1 g6 9. f4 Nfd7 10. Nf3 Bg7 11. Qc2 Na6 12. b3 O-O 13. Bb2 Qb8 14. g3 c4 15.
bxc4 Rc8 16. a3 Rxc4 17. Nd2 Rc7 18. Kg2 Nac5 19. Ra2 Na4 20. Ndb1 Qc8 21. Rc1
Ndb6 22. Qd3 Nxb2 23. Rxb2 Na4 24. Rb3 Nc5 25. Qc2 Nxb3 26. Qxb3 Rb8 27. Qc2
Qa6 28. Qd2 Bxc3 29. Nxc3 Qxa3 30. Kf1 Rb2 31. Qd4 Rb4 32. Qd2 0-1

[Event "Torneo Pueblo Nuevo Preparatorio 2007"]
[Site "Madrid ESP"]
[Date "2007.06.17"]
[Round "9.4"]
[White "Prieto Honorato, Juan Maria"]
[Black "Sotnikov, Taras"]
[Result "1-0"]
[WhiteElo "2148"]
[BlackElo "1944"]
[PlyCount "93"]
[EventDate "2007.05.19"]
[EventType "tourn"]
[EventRounds "9"]
[EventCountry "ESP"]
[Source "lmi"]
[SourceDate "2007.05.19"]

1. d4 d5 2. c4 e6 3. Nc3 Nf6 4. cxd5 exd5 5. Bg5 Be7 6. e3 O-O 7. Bd3 c6 8.
Nge2 Be6 9. Nf4 Nbd7 10. O-O Re8 11. Nxe6 fxe6 12. f4 c5 13. Rc1 Qb6 14. Na4
Qa5 15. Bb1 c4 16. Nc3 b5 17. Rf3 b4 18. Ne2 Rac8 19. Rh3 Nf8 20. Qc2 b3 21.
axb3 cxb3 22. Qd1 Rxc1 23. Qxc1 Rc8 24. Nc3 Bb4 25. Bxf6 Bxc3 26. Bh4 Be1 27.
Qxc8 Bxh4 28. Qc1 Bf6 29. Rf3 Qb4 30. Rf1 a5 31. Qe1 Qb5 32. Qc3 Be7 33. Bd3
Qb6 34. Ra1 Bb4 35. Qxb3 Nd7 36. Qc2 g6 37. Rc1 Bd6 38. Qc8+ Nf8 39. Qc3 Kf7
40. Rc2 Nd7 41. Qc6 Qxc6 42. Rxc6 Ke7 43. Kf2 Nf6 44. h3 Kd7 45. Ra6 Bb4 46. g4
Ne8 47. Bb5+ 1-0

[Event "Torneo Pueblo Nuevo Preparatorio 2007"]
[Site "Madrid ESP"]
[Date "2007.06.17"]
[Round "9.5"]
[White "Aziz Ortego, Omar Luis"]
[Black "Collado Barbas, Alberto"]
[Result "1-0"]
[WhiteElo "2112"]
[BlackElo "1855"]
[PlyCount "83"]
[EventDate "2007.05.19"]
[EventType "tourn"]
[EventRounds "9"]
[EventCountry "ESP"]
[Source "lmi"]
[SourceDate "2007.05.19"]

1. d4 d5 2. Nf3 e6 3. Bf4 c5 4. e3 Nf6 5. Nbd2 Nc6 6. c3 cxd4 7. cxd4 Bd6 8.
Bg3 Bxg3 9. hxg3 Qd6 10. a3 a5 11. Rc1 Bd7 12. Qb3 Ke7 13. Bd3 h6 14. O-O Rhb8
15. Qb6 Nd8 16. Qxd6+ Kxd6 17. Ne5 Rc8 18. Ndf3 Rxc1 19. Rxc1 Rc8 20. Rc3 Rxc3
21. bxc3 Ba4 22. c4 Bd1 23. c5+ Kc7 24. Kf1 Bxf3 25. gxf3 Nd7 26. Nxd7 Kxd7 27.
Ke2 Nc6 28. f4 h5 29. f5 e5 30. Bb5 exd4 31. exd4 Ke7 32. Ke3 Kf6 33. Be2 h4
34. g4 g6 35. fxg6 fxg6 36. Bf3 Ke6 37. g5 Ne7 38. Bg4+ Kf7 39. Bd7 Nf5+ 40.
Bxf5 gxf5 41. f4 Kg6 42. Kf2 1-0